000 00326nam a2200145 i 4500
001 bg
100 1 _aONISZCZYK, R.
245 0 _aMatematyka /
_cR. Oniszczyk, G. Bryll.
260 _aOpole,
_c1984.
700 1 _aBRYLL, Grzegorz
040 _cBPK
041 _apol
942 _cKS
008 s pl f |000 0 pol
999 _c2724
_d2724
856 _uhttp://koha.tu.koszalin.pl/cgi-bin/koha/opac-detail.pl?biblionumber=2724
_yKatalog online BPK